000 00537nam a2200229Ia 4500
003 OSt
005 20221007082543.0
006 a|||||r|||| 00| 0
007 ta
008 221006b |||||||| |||| 00| 0 eng d
024 _a6,726
037 _cTextual
040 _aFLL
_cFLL
_beng
041 _2eng
_aeng
082 _aXM55:Z2, M1
100 _aAvtar Singh
245 0 _aCompany law
260 _c1981
300 _alxxx,592p
_ccm.
942 _hXM55:Z2, M1
_cTEXL
_2CC
999 _c1166835
_d1166835